000 00359nam a2200157Ia 4500
003 0STCL
008 150530s9999 xx 000 0 und d
040 _aSTCL
_cSTCL
100 _aAllan, J.; Others
245 _aCambridge history of India
260 _bS.Chand
_c1969
546 _aEnglish
942 _2ddc
_cBK
999 _c71783
_d71783
005 20220125171459.0